00721nam a22001937a 450000500170000001000150001702000260003203500140005803700130007208200110008510000240009624500790012026000490019927000800024830000240032894200250035299900190037795201310039620250811121541.0 aENG-146439 c195.00a9789354428302 aEN-129971 bDBAD/PUB a954.33 aSasikala, T.984036 aKnowledge systems of Kerala/cby The kerala state higher education council aTelanganabOrient Blackswan private limited  a3-6-752 Himayatnagar bHyderabade500029mcentraloffice@orientblackswan.com a179p.b c24 cm(pb) 2ddccENh954.33mKNO c212989d212989 001040708NFICaBL1bBL1d2025-08-11eDBADg195.00l0o954.33 KNOpEN-129971r2025-08-11 00:00:00t1v195.00w2025-08-11yEN